Migración e inmigrantes en la argentina reciente : políticas y discursos de exclusión /

Guardado en:
Autor Principal: Domenech , Eduardo E
Otros Autores: Magliano, María José
Formato: Libro
Publicado: Bogotá : Siglo del Hombre, 2008
Series:Clacso-crop
Materias:
Etiquetas: Agregar Etiqueta
Sin Etiquetas, Sea el primero en etiquetar este registro!
LEADER 00820nam a22002415a 4500
001 CEM.cems014045
008 130507s2008##################000#0#####d
005 20210705175132.0
003 CEMS
245 1 0 |a Migración e inmigrantes en la argentina reciente :  |b políticas y discursos de exclusión /  |c Inclusión / 
260 |a Bogotá :  |b Siglo del Hombre,  |c 2008 
300 |a 27 p. 
490 0 |a Clacso-crop 
500 |a Capítulo del libro "pobreza, exclusión social y discriminación étnico-racial en América Latina y el Caribe". 
590 |a 1144.013 
100 1 |a Domenech , Eduardo E 
700 1 |a Magliano, María José 
653 |a Discriminación 
653 |a Racismo 
653 |a Derechos humanos 
653 |a Inmigración 
653 |a Biblioteca TC 
859 |a CEMS  |b BIB. CEMS - 11 de abril  |h TC  |p 1144.013  |t Ej.1